01406cam a2200325 a 4500001000400000003001000004005001700014008004100031020002500072020002500097040002500122080001600147090001600163245011900179260003800298300002500336490005700361504002500418505009300443650004500536650005300581650004300634700003600677700003600713830005400749942001200803952012600815952012600941999001301067144BR-CuiBMT20231129134631.0230821s2020 mgba 000 0 por d a9788545006190 (v. 1) a9788545006206 (v. 2) aBR-CuiBMTcBR-CuiBMT 22007a343.1 a343.1bD59800aDireito processual de polícia judiciária /cEliomar da Silva Pereira, Márcio Adriano Anselmo, organizadores. aBelo Horizonte :bFórum,c2020. a2 v. :bil. ;c22 cm1 aCurso de direito de polícia judiciária ;vv. 4-5 aInclui bibliografia.0 av. 1. O procedimento de inquérito policial -- v. 2. Os meios de obtenção de prova. aInvestigação criminalxProcedimentos aDireito processual penalxPolícia judiciária aInquérito policialxColeta de provas1 aPereira, Eliomar da Silva4org.1 aAnselmo, Márcio Adriano4org. 0aCurso de direito de polícia judiciária ;v4-5 2udccLV 00102udc4070aBIBTCEMTbBIBTCEMTd2023-07-28hv. 2l0o343.1 D598pBIBTCEMT23080078r2023-08-11tEx. 1w2023-08-11yLV 00102udc4070aBIBTCEMTbBIBTCEMTd2023-07-28hv. 1l0o343.1 D598pBIBTCEMT23080121r2023-08-21tEx. 1w2023-08-21yLV c144d144